[Event "WYCC 2018 O14"]
[Site "Halkidiki"]
[Date "2018.10.23"]
[Round "5"]
[White "Srihari L R"]
[Black "Tanriverdi, Enes"]
[Result "1-0"]
[WhiteElo "2170"]
[BlackElo "2317"]
[Annotator "NA"]
[PlyCount "75"]
[EventDate "2018.10.20"]
[EventType "swiss"]
[EventCountry "GRE"]
[SourceTitle "playchess.com"]
[Source "ChessBase"]
[SourceQuality "1"]
[TimeControl "40/5400+30:1800+30"]

1. Nf3 {[%emt 0:00:00]} Nf6 {[%emt 0:00:12]} 2. c4 {[%emt 0:03:32]} g6 {[%emt 0:00:25]} 3. b4 {[%emt 0:00:30]} Bg7 {[%emt 0:00:54]} 4. Bb2 {[%emt 0:00:06]} O-O {[%emt 0:04:21]} 5. g3 {[%emt 0:00:20]} d6 {[%emt 0:00:14]} 6. Bg2 {[%emt 0:00:07]} e5 {[%emt 0:00:10]} 7. d3 {[%emt 0:00:10]} Nc6 {[%emt 0:01:57]} 8. b5 {[%emt 0:03:45]} Ne7 {[%emt 0:00:06]} 9. O-O {[%emt 0:00:08] LiveBook: 8 Games} h6 {[%emt 0:00:32] A05: Réti Opening: 1 Nf3 Nf6} 10. Nbd2 {[%emt 0:01:03]} Be6 {[%emt 0:00:29]} 11. Qc2 {[%emt 0:00:38]} Nd7 {[%emt 0:01:25]} 12. d4 {[%emt 0:03:38]} f5 {[%emt 0:17:42]} 13. dxe5 {[%emt 0:01:12]} dxe5 {[%emt 0:00:14]} 14. e4 {[%emt 0:00:10]} f4 $1 {[%emt 0:01:15]} 15. c5 {[%emt 0:06:28]} c6 {[%emt 0:00:36]} 16. Nc4 {[%emt 0:00:32] [#]} Qc7 $146 {[%emt 0:01:37]} ({Predecessor:} 16... Qb8 17. b6 axb6 18. Nxb6 Nxb6 19. cxb6 {1-0 (42) Akopian,V (2673)-Tukhaev,A (2512) Plovdiv 2008}) (16... cxb5 $11 17. Ncxe5 Nxe5 18. Bxe5 Bxe5 19. Nxe5 Qc7) 17. b6 $1 {[%emt 0:00:06]} Qb8 {[%emt 0:02:02]} ({Black should try} 17... axb6 $14 18. cxb6 Nxb6 19. Bxe5 Bxe5 20. Ncxe5 fxg3) 18. a4 {[%emt 0:02:46]} g5 {[%emt 0:01:03]} 19. Rfd1 {[%emt 0:05:45]} Ng6 {[%emt 0:09:32]} 20. a5 {[%emt 0:10:22]} g4 {[%emt 0:10:50]} 21. Ne1 {[%emt 0:06:18]} h5 $16 {[%emt 0:01:05]} 22. Bf1 {[%emt 0:02:30]} fxg3 {[%emt 0:01:37]} 23. hxg3 {[%emt 0:01:02]} h4 {[%emt 0:00:40]} 24. Rd6 {[%emt 0:00:19]} hxg3 {[%emt 0:12:58]} 25. fxg3 {[%emt 0:00:13]} Rxf1+ {[%emt 0:01:58]} 26. Kxf1 {[%emt 0:04:04]} Qf8+ {[%emt 0:03:34]} 27. Kg1 {[%emt 0:11:34]} Nxc5 {[%emt 0:18:12]} 28. Ba3 {[%emt 0:02:53]} Qf7 {[%emt 0:00:12]} 29. Bxc5 {[%emt 0:00:13]} Bxc4 {[%emt 0:00:04]} 30. Bf2 {[%emt 0:00:36]} Bb3 {[%emt 0:02:29]} 31. Qb2 {[%emt 0:00:18]} Bc4 {[%emt 0:01:19]} 32. bxa7 {[%emt 0:01:38]} c5 {[%emt 0:01:13]} 33. Qb6 {[%emt 0:01:13]} Rf8 {[%emt 0:01:02]} 34. Qxc5 {[%emt 0:01:18]} Ba6 {[%emt 0:01:29]} 35. Rxg6 {[%emt 0:02:15]} Qxg6 {[%emt 0:00:05]} 36. Qxf8+ {[%emt 0:00:04]} Bxf8 {[%emt 0:00:01]} 37. a8=Q {[%emt 0:00:07]} Qxe4 {[%emt 0:00:40]} 38. Bc5 {[%emt 0:00:07]} 1-0

[Event "WYCC 2018 O14"]
[Site "Halkidiki"]
[Date "2018.10.23"]
[Round "5"]
[White "Mishra, Abhimanyu"]
[Black "Horobrijs, Daniils"]
[Result "1/2-1/2"]
[WhiteElo "2149"]
[BlackElo "1918"]
[Annotator "TA"]
[PlyCount "172"]
[EventDate "2018.10.20"]
[EventType "swiss"]
[EventCountry "GRE"]
[SourceTitle "playchess.com"]
[Source "ChessBase"]
[SourceQuality "1"]

{[%evp 31,172,22,15,8,20,25,19,7,27,11,35,35,35,28,72,68,68,51,61,39,68,68,73,81,90,45,45,46,53,29,52,29,63,29,29,32,43,26,44,45,164,164,164,164,164,164,164,164,164,164,164,164,164,164,164,164,164,164,164,164,164,164,164,164,183,164,164,164,164,164,164,164,164,164,164,137,164,137,164,164,164,164,164,164,164,164,164,137,164,66,284,273,374,389,578,241,245,187,179,170,141,0,132,139,474,323,315,302,250,132,132,132,132,132,132,132,132,82,140,28,139,132,132,132,132,132,132,0,138,0,0,0,0,0,0,0,0,0,0,0,0,0,0]} 1. e4 c5 2. Nf3 Nc6 3. d4 cxd4 4. Nxd4 Nf6 5. Nc3 e5 6. Ndb5 d6 7. Bg5 a6 8. Na3 b5 9. Nd5 Be7 10. Bxf6 Bxf6 11. c4 b4 12. Nc2 a5 13. g3 {B33: Sicilian: Pelikan and Sveshnikov Variations} (13. Qf3 Be6 14. Rd1 Bxd5 15. Rxd5 Ne7 16. Rb5 Rb8 17. Bd3 Bg5 18. O-O O-O 19. Rd1 Qc7 20. a3 b3 {½-½ (72) Bogner,S (2619)-Cordova,E (2609) Batumi 2018}) 13... O-O 14. Bg2 Be6 15. O-O Bg5 16. Qd3 Rc8 {LiveBook: 3 Games} 17. Rad1 Kh8 18. f4 {[%cal Bf2f4,Bf4f5][%mdl 32]} Bh6 $146 ({Predecessor:} 18... exf4 19. gxf4 Bh6 20. a3 f5 21. axb4 axb4 {0-1 (31) Vorisek,M (1661)-Krasnay,P (2088) Ricany 2009}) 19. Nce3 Nd4 20. b3 g6 21. f5 Bxd5 22. Nxd5 f6 23. Rf2 g5 24. Ne3 Qb6 25. Bh3 Rc5 26. Bg4 Rfc8 27. Kg2 Qb7 28. Nc2 (28. Ra1 {looks sharper.} Rb8 29. a3 bxa3 30. Rxa3 Rcc8 31. Nd5) 28... Nxc2 $1 29. Rxc2 Bf8 30. Rcd2 Kg8 31. Qe3 Qd7 32. h4 gxh4 33. gxh4 {[%cal Bg3h4,Bh4h5][%mdl 32]} Kh8 34. Kh3 Qg7 35. Rg2 {Threatens to win with Bh5.} Qe7 (35... Qa7 $1 $14) 36. Rdg1 $18 Bg7 37. Be2 Rg8 38. h5 h6 39. Rg6 Kh7 40. Qg3 {Threatening mate with Rxh6+!} Qf7 41. Qd3 Qe7 42. Qd2 Qd7 43. R1g3 Qe7 44. Bd3 Qd7 45. Rg1 Qc7 46. Qg2 Qf7 47. Kh4 Qf8 48. Be2 Qf7 49. Bf3 Qf8 50. Qb2 Qb8 51. Qd2 Qc7 52. Rd1 Rd8 53. Qe3 Qe7 54. Rd2 Qc7 55. Qg1 Rg8 56. Qg3 Qe7 57. Rd1 Qc7 58. Rg1 {White threatens Rxh6+! and mate.} Qf7 59. Ra1 Qb7 60. a3 $40 {[%mdl 128] White attacks.} ({Better is} 60. Kh3 $18) 60... Rcc8 $2 (60... bxa3 $14 61. Rxa3 Rc7) 61. axb4 axb4 62. Rg1 Ra8 (62... Kh8 {is a better defense.} 63. Qg2 Qa7) 63. Kh3 (63. Be2 $142) 63... Qf7 64. c5 Ra3 65. cxd6 {d7! is the strong threat.} Rxb3 66. Rd1 (66. d7 $1 $16 {[%cal Rd7d8]} Rd3 67. d8=Q Rdxd8 68. Bd1 Rxd1 69. Rxd1) 66... Qd7 (66... Rd8 $11) 67. Kh4 Rc3 $2 {[%mdl 8192]} (67... Qf7 $16) 68. Qg4 {Hoping for Rg1.} b3 69. Rg1 {Rxh6+! would kill now.} Qf7 {[#]} 70. Be2 (70. Bd1 $1 $18 Rd3 71. Be2) 70... b2 $16 {[#] and if ...Rc1 works, Black does fine.} 71. d7 $1 {[%cal Rd7d8][%mdl 512]} b1=Q (71... Qxd7 72. Rxh6+) 72. Rxb1 Qxd7 73. Rg1 {Intending Rxh6+! and mate.} Qf7 74. Bd1 {[%cal Be2d1,Bd1a4,Ba4b3,Bb3e6][%mdl 32]} Rc7 (74... Ra3 $142) 75. Qg3 ({White should try} 75. Qh3 $16) 75... Rb7 (75... Rb8 $1 $11 {keeps the balance.}) 76. Ba4 {Black must now prevent Bc6.} Rc8 {[#]} ({Don't blunder} 76... Qc4 $2 77. Bc6 $18) 77. Bb3 $1 {[%cal Rb3f7]} Qf8 78. Be6 Rcc7 79. Rg2 (79. Qh2 $16) 79... Ra7 (79... Rb1 $11 {remains equal.}) 80. Rf2 ({White should play} 80. Bd5 $16) 80... Ra1 $11 {The position is equal.} 81. Rd2 Rh1+ 82. Rh2 Rxh2+ 83. Qxh2 Qb4 84. Qg2 {White wants to mate with Rxh6+!} Qe1+ 85. Rg3 Rc3 86. Bd5 Rxg3 {Precision: White = 49%, Black = 49%.} 1/2-1/2

[Event "WYCC 2018 O14"]
[Site "Halkidiki"]
[Date "2018.10.23"]
[Round "5"]
[White "Krallis, Christos"]
[Black "Tsay, Vincent"]
[Result "1/2-1/2"]
[WhiteElo "2139"]
[BlackElo "2310"]
[Annotator "ChessBase"]
[PlyCount "160"]
[EventDate "2018.10.20"]
[EventType "swiss"]
[EventCountry "GRE"]
[SourceTitle "playchess.com"]
[Source "ChessBase"]
[SourceQuality "1"]
[TimeControl "40/5400+30:1800+30"]

1. d4 {[%emt 0:00:14]} d5 {[%emt 0:00:00]} 2. Nf3 {[%emt 0:00:07]} Nf6 {[%emt 0:00:00]} 3. c4 {[%emt 0:00:09]} e6 {[%emt 0:00:00]} 4. e3 {[%emt 0:00:20]} c5 {[%emt 0:00:38]} 5. a3 {[%emt 0:01:29]} a6 {[%emt 0:01:36]} 6. dxc5 {[%emt 0:00:27]} Bxc5 {[%emt 0:00:29]} 7. b4 {[%emt 0:00:16]} Be7 {[%emt 0:00:45]} 8. Bb2 {[%emt 0:00:36]} O-O {[%emt 0:00:18]} 9. Nbd2 {[%emt 0:01:11]} Nc6 {[%emt 0:00:40]} 10. Be2 {[%emt 0:07:00]} Qc7 {[%emt 0:14:12]} 11. Qc2 {[%emt 0:02:42]} Bd7 {[%emt 0:03:12]} 12. O-O {[%emt 0:06:21]} Rac8 {[%emt 0:02:15]} 13. Rac1 {[%emt 0:04:17]} Qb8 {[%emt 0:03:20]} 14. Qb3 {[%emt 0:03:37]} Rfd8 {[%emt 0:03:00]} 15. c5 {[%emt 0:05:31]} Be8 {[%emt 0:09:17]} 16. Nd4 {[%emt 0:08:36]} Qa7 {[%emt 0:25:55]} 17. Nxc6 {[%emt 0:11:40]} Bxc6 {[%emt 0:01:54]} 18. Bd4 {[%emt 0:17:20]} Qb8 {[%emt 0:07:07]} 19. f4 {[%emt 0:01:15]} Be8 {[%emt 0:06:43]} 20. Nf3 {[%emt 0:06:19]} Ne4 {[%emt 0:01:04]} 21. Bd3 {[%emt 0:02:39]} Bf8 {[%emt 0:04:52]} 22. Rc2 {[%emt 0:04:17]} Qc7 {[%emt 0:02:07]} 23. Ne5 {[%emt 0:02:46]} Kh8 {[%emt 0:03:31]} 24. Rfc1 {[%emt 0:06:30]} f6 {[%emt 0:01:29]} 25. Nf3 {[%emt 0:00:54]} Qc6 {[%emt 0:01:15]} 26. Ba1 {[%emt 0:02:55]} Qa4 {[%emt 0:02:23]} 27. Qb2 {[%emt 0:01:33]} Bb5 {[%emt 0:02:57]} 28. Bxb5 {[%emt 0:00:45]} Qxb5 {[%emt 0:00:19]} 29. Nd4 {[%emt 0:00:20]} Qd3 {[%emt 0:01:51]} 30. Qb3 {[%emt 0:00:06]} Qxb3 {[%emt 0:00:13]} 31. Nxb3 {[%emt 0:00:06]} Kg8 {[%emt 0:00:08]} 32. Na5 {[%emt 0:02:01]} Rc7 {[%emt 0:00:47]} 33. Bd4 {[%emt 0:00:50]} Rdc8 {[%emt 0:01:10]} 34. c6 {[%emt 0:00:14]} bxc6 {[%emt 0:00:18]} 35. Rxc6 {[%emt 0:00:08]} Bd6 {[%emt 0:00:30]} 36. Rxc7 {[%emt 0:00:38]} Rxc7 {[%emt 0:00:04]} 37. Rxc7 {[%emt 0:00:32]} Bxc7 {[%emt 0:00:01]} 38. Nc6 {[%emt 0:01:16]} Kf7 {[%emt 0:00:19]} 39. a4 {[%emt 0:00:50]} Ke8 {[%emt 0:01:31]} 40. b5 {[%emt 0:00:00]} axb5 {[%emt 0:00:00]} 41. axb5 {[%emt 0:00:27]} Kd7 {[%emt 0:01:51]} 42. Nb4 {[%emt 0:07:50]} Bd6 {[%emt 0:11:44]} 43. Nd3 {[%emt 0:00:31]} Kc7 {[%emt 0:01:09]} 44. g4 {[%emt 0:04:14]} Nd2 {[%emt 0:07:42]} 45. Bc5 {[%emt 0:00:20]} Nc4 {[%emt 0:01:56]} 46. Kf2 {[%emt 0:01:40]} e5 {[%emt 0:01:47]} 47. Bxd6+ {[%emt 0:02:27]} Kxd6 {[%emt 0:00:18]} 48. f5 {[%emt 0:03:17]} Nb6 {[%emt 0:03:49]} 49. h4 {[%emt 0:01:40]} Na4 {[%emt 0:00:49]} 50. h5 {[%emt 0:01:51]} Nc3 {[%emt 0:01:33]} 51. b6 {[%emt 0:00:52]} Na4 {[%emt 0:02:27]} 52. b7 {[%emt 0:00:34]} Kc7 {[%emt 0:00:04]} 53. Nb4 {[%emt 0:00:31]} Nc3 {[%emt 0:00:57]} 54. Nc6 {[%emt 0:00:24]} Kxb7 {[%emt 0:00:05]} 55. Nd8+ {[%emt 0:00:07]} Kc8 {[%emt 0:00:03]} 56. Ne6 {[%emt 0:00:05]} Ne4+ {[%emt 0:00:42]} 57. Ke2 {[%emt 0:00:34]} Kd7 {[%emt 0:01:30]} 58. Nxg7 {[%emt 0:00:08]} Ng5 {[%emt 0:00:18]} 59. Kd3 {[%emt 0:07:55]} h6 {[%emt 0:00:20]} 60. Kc3 {[%emt 0:00:19]} Ke7 {[%emt 0:00:07]} 61. Kb4 {[%emt 0:00:21]} Ne4 {[%emt 0:02:20]} 62. Ne6 {[%emt 0:00:56]} Nf2 {[%emt 0:00:41]} 63. Nc7 {[%emt 0:00:22]} Kd6 {[%emt 0:00:30]} 64. Ne8+ {[%emt 0:00:05]} Ke7 {[%emt 0:00:05]} 65. Nc7 {[%emt 0:00:04]} d4 {[%emt 0:00:32]} 66. exd4 {[%emt 0:01:31]} exd4 {[%emt 0:00:15]} 67. Nd5+ {[%emt 0:00:39]} Kf7 {[%emt 0:00:09]} 68. Kc4 {[%emt 0:00:27]} d3 {[%emt 0:00:38]} 69. Kc3 {[%emt 0:00:12]} Nxg4 {[%emt 0:01:13]} 70. Kxd3 {[%emt 0:00:05]} Ne5+ {[%emt 0:00:28]} 71. Ke4 {[%emt 0:00:04]} Nc4 {[%emt 0:00:07]} 72. Ne3 {[%emt 0:01:21]} Nd6+ {[%emt 0:00:24]} 73. Kd5 {[%emt 0:00:12]} Ke7 {[%emt 0:00:13]} 74. Kc6 {[%emt 0:00:47]} Ne4 {[%emt 0:01:21]} 75. Ng4 {[%emt 0:00:08]} Kf8 {[%emt 0:00:35]} 76. Nxh6 {[%emt 0:01:25]} Nf2 {[%emt 0:00:21]} 77. Kd7 {[%emt 0:00:03]} Kg7 {[%emt 0:00:20]} 78. Ke6 {[%emt 0:00:09]} Nd3 {[%emt 0:00:37]} 79. Ng4 {[%emt 0:00:25]} Nf4+ {[%emt 0:00:04]} 80. Ke7 {[%emt 0:00:10]} Nxh5 {[%emt 0:00:06]} 1/2-1/2

[Event "WYCC 2018 O14"]
[Site "Halkidiki"]
[Date "2018.10.23"]
[Round "5"]
[White "Dwyer, Daniel"]
[Black "Turcan, Richard"]
[Result "1/2-1/2"]
[WhiteElo "2133"]
[BlackElo "2218"]
[Annotator "NA"]
[PlyCount "115"]
[EventDate "2018.10.20"]
[EventType "swiss"]
[EventCountry "GRE"]
[SourceTitle "playchess.com"]
[Source "ChessBase"]
[SourceQuality "1"]
[TimeControl "40/5400+30:1800+30"]

1. e4 c5 {[%emt 0:00:00]} 2. Nc3 {[%emt 0:00:00]} g6 {[%emt 0:00:39]} 3. f4 {[%emt 0:00:00]} Bg7 {[%emt 0:00:25]} 4. Nf3 {[%emt 0:00:00]} Nc6 {[%emt 0:01:49]} 5. Bb5 {[%emt 0:00:14]} d6 {[%emt 0:02:42]} 6. O-O {[%emt 0:02:49]} Nf6 {[%emt 0:05:35]} 7. d3 {[%emt 0:04:12]} Bd7 {[%emt 0:11:59]} 8. a4 {[%emt 0:11:35] LiveBook: 22 Games} a6 {[%emt 0:19:48] B23: Closed Sicilian: Lines without g3} (8... O-O 9. Bxc6 Bxc6 10. Qe1 e6 11. Kh1 b6 12. Bd2 Rc8 {½-½ (12) Hamdouchi,H (2600)-Edouard,R (2620) La Massana 2010}) 9. Bc4 {[%emt 0:03:23]} Bg4 {[%emt 0:04:09]} 10. h3 {[%emt 0:06:30]} Bxf3 {[%emt 0:00:08]} 11. Qxf3 {[%emt 0:00:21]} O-O {[%emt 0:07:07]} 12. Ne2 {[%emt 0:08:52]} Rb8 $146 {[%emt 0:03:29]} 13. c3 {[%emt 0:02:57]} b5 {[%emt 0:08:15]} 14. Ba2 {[%emt 0:09:02]} Qb6 {[%emt 0:02:05]} 15. axb5 {[%emt 0:05:14]} axb5 {[%emt 0:00:01]} 16. Be3 {[%emt 0:00:40]} b4 {[%emt 0:07:20]} 17. d4 {[%emt 0:05:59]} b3 $16 {[%emt 0:06:59]} (17... cxd4 $11 {keeps the balance.} 18. cxd4 Nd7) 18. Bb1 {[%emt 0:00:39]} cxd4 {[%emt 0:00:23]} 19. Nxd4 {[%emt 0:02:31]} Nxd4 {[%emt 0:00:45]} 20. cxd4 {[%emt 0:04:24]} Qb7 {[%emt 0:06:04]} 21. Bd3 {[%emt 0:03:49]} Ra8 {[%emt 0:00:35]} 22. Bd2 {[%emt 0:01:20]} Nd7 {[%emt 0:03:07]} 23. Bc3 {[%emt 0:02:09]} Rxa1 {[%emt 0:02:30]} 24. Rxa1 {[%emt 0:00:09]} Ra8 {[%emt 0:00:25]} 25. Qd1 {[%emt 0:05:29]} Rxa1 {[%emt 0:04:31]} 26. Qxa1 {[%emt 0:00:04]} Nf6 {[%emt 0:01:10]} 27. e5 {[%emt 0:03:44]} dxe5 {[%emt 0:00:29]} 28. fxe5 {[%emt 0:00:32]} Nd7 {[%emt 0:00:53]} 29. Qa3 {[%emt 0:02:09]} e6 {[%emt 0:00:29]} 30. Bc4 {[%emt 0:01:05]} Bf8 {[%emt 0:00:36]} 31. Qa4 {[%emt 0:01:33]} Nb6 {[%emt 0:00:30]} 32. Qxb3 {[%emt 0:00:35]} Qc6 {[%emt 0:00:09]} 33. Bd3 {[%emt 0:02:23]} Bh6 {[%emt 0:00:45]} 34. Qb4 {[%emt 0:02:03]} Be3+ {[%emt 0:00:22]} 35. Kh1 {[%emt 0:00:53]} Nd5 {[%emt 0:00:42]} 36. Qb8+ {[%emt 0:05:27]} Kg7 {[%emt 0:00:06]} 37. Bb5 {[%emt 0:00:20]} Qb6 {[%emt 0:00:46]} 38. Qxb6 {[%emt 0:00:27]} Nxb6 {[%emt 0:00:06]} 39. Bc6 {[%emt 0:00:32]} Nc4 {[%emt 0:01:03]} 40. d5 {[%emt 0:00:00]} Bb6 {[%emt 0:00:00]} 41. d6 {[%emt 0:04:42]} Kf8 {[%emt 0:13:44]} 42. Kh2 {[%emt 0:06:35]} f6 {[%emt 0:04:44]} 43. exf6 Nxd6 {[%emt 0:00:50]} 44. g4 {[%emt 0:10:13]} Kf7 {[%emt 0:03:13]} 45. Kg3 {[%emt 0:01:47]} g5 {[%emt 0:05:03]} 46. b4 {[%emt 0:03:10]} Bd8 {[%emt 0:02:00]} 47. b5 {[%emt 0:00:16]} Nc8 {[%emt 0:02:22]} 48. Kf3 {[%emt 0:02:46]} Bxf6 {[%emt 0:00:52]} 49. Ba5 {[%emt 0:00:46]} Bd4 {[%emt 0:00:42]} 50. Ke4 {[%emt 0:03:38]} Bf2 {[%emt 0:01:04]} 51. Bd2 {[%emt 0:02:08]} h6 {[%emt 0:00:33]} 52. Be3 {[%emt 0:00:21]} Bxe3 {[%emt 0:00:34]} 53. Kxe3 {[%emt 0:00:04]} Ke7 {[%emt 0:00:16]} 54. Kd4 {[%emt 0:00:30]} Kd6 {[%emt 0:00:12]} 55. Kc4 {[%emt 0:01:17]} Nb6+ {[%emt 0:01:24]} 56. Kd4 {[%emt 0:01:00]} Nc8 {[%emt 0:00:48]} 57. Bb7 {[%emt 0:00:20]} Nb6 {[%emt 0:00:10]} 58. Bc6 {[%emt 0:00:30] Ke5+ Ke4+} 1/2-1/2

[Event "WYCC 2018 O14"]
[Site "Halkidiki"]
[Date "2018.10.23"]
[Round "5"]
[White "Munshi, Aditya"]
[Black "Kouvidis, Ioannis"]
[Result "1/2-1/2"]
[WhiteElo "2133"]
[BlackElo "1896"]
[Annotator "NA"]
[PlyCount "98"]
[EventDate "2018.10.20"]
[EventType "swiss"]
[EventCountry "GRE"]
[SourceTitle "playchess.com"]
[Source "ChessBase"]
[SourceQuality "1"]
[TimeControl "40/5400+30:1800+30"]

1. e4 {[%emt 0:00:00]} e6 {[%emt 0:00:00]} 2. d4 {[%emt 0:00:00]} d5 {[%emt 0:00:00]} 3. Nd2 {[%emt 0:00:00]} c5 {[%emt 0:00:00]} 4. exd5 {[%emt 0:00:00]} Qxd5 {[%emt 0:00:12]} 5. Ngf3 {[%emt 0:00:01]} cxd4 {[%emt 0:00:10]} 6. Bc4 {[%emt 0:00:08]} Qd8 {[%emt 0:00:05]} 7. O-O {[%emt 0:00:27]} Nc6 {[%emt 0:00:03]} 8. Qe2 {[%emt 0:00:27]} a6 {[%emt 0:01:13]} 9. a4 {[%emt 0:02:12]} Nf6 {[%emt 0:12:25]} 10. Nb3 {[%emt 0:02:22]} d3 {[%emt 0:01:30]} 11. Bxd3 {[%emt 0:05:24]} Bd6 {[%emt 0:00:56]} 12. Bg5 {[%emt 0:02:26]} Qc7 {[%emt 0:01:41]} 13. g3 {[%emt 0:21:02]} Bd7 {[%emt 0:11:40]} 14. Nbd4 {[%emt 0:14:25]} Nxd4 {[%emt 0:00:49]} 15. Nxd4 {[%emt 0:00:10]} Be5 {[%emt 0:15:19]} 16. c3 {[%emt 0:04:02]} h6 {[%emt 0:01:21]} 17. Bd2 {[%emt 0:03:00]} O-O {[%emt 0:06:07]} 18. Rfe1 {[%emt 0:00:59]} Bd6 {[%emt 0:01:46]} 19. c4 {[%emt 0:07:44]} e5 {[%emt 0:09:33]} 20. Nf5 {[%emt 0:02:37]} e4 {[%emt 0:03:03]} 21. Nxd6 {[%emt 0:07:20]} Qxd6 {[%emt 0:01:42]} 22. Bc2 {[%emt 0:07:22]} Bg4 {[%emt 0:09:00]} 23. Qe3 {[%emt 0:00:49]} Bf3 {[%emt 0:01:40]} 24. Bd1 {[%emt 0:11:10]} Qc6 {[%emt 0:08:10]} 25. Bxf3 {[%emt 0:04:19]} exf3 {[%emt 0:00:02]} 26. Bc3 {[%emt 0:00:21]} Rfe8 {[%emt 0:02:54]} 27. Qf4 {[%emt 0:00:18]} Rxe1+ {[%emt 0:02:05]} 28. Rxe1 {[%emt 0:00:32]} Re8 {[%emt 0:02:15]} 29. Rxe8+ {[%emt 0:00:26]} Nxe8 {[%emt 0:00:19]} 30. b3 {[%emt 0:00:59]} Nc7 {[%emt 0:00:56]} 31. Qe5 {[%emt 0:01:50]} Ne6 {[%emt 0:00:26]} 32. Qd5 {[%emt 0:00:10]} Qb6 {[%emt 0:05:17]} 33. b4 {[%emt 0:00:47]} Ng5 {[%emt 0:01:22]} 34. c5 {[%emt 0:02:09]} Qg6 {[%emt 0:00:14]} 35. Qd1 {[%emt 0:00:58]} Nh3+ {[%emt 0:00:44]} 36. Kf1 {[%emt 0:00:00]} Qe4 {[%emt 0:00:27]} 37. Bd4 {[%emt 0:00:49]} Ng5 {[%emt 0:01:01]} 38. b5 {[%emt 0:00:43]} Ne6 {[%emt 0:00:45]} 39. Be3 {[%emt 0:00:30]} axb5 {[%emt 0:01:12]} 40. axb5 {[%emt 0:00:00]} Qc4+ {[%emt 0:00:00]} 41. Kg1 {[%emt 0:01:17]} Qxb5 {[%emt 0:06:25]} 42. Qxf3 {[%emt 0:00:14]} Nxc5 {[%emt 0:00:17]} 43. Bxc5 {[%emt 0:00:54]} Qxc5 {[%emt 0:00:03]} 44. Qxb7 {[%emt 0:00:11]} Qe5 {[%emt 0:01:27]} 45. Qc8+ {[%emt 0:00:10]} Kh7 {[%emt 0:00:06]} 46. Qb7 {[%emt 0:00:20]} Kg8 {[%emt 0:00:25]} 47. Kg2 {[%emt 0:00:06]} g6 {[%emt 0:00:08]} 48. h3 {[%emt 0:00:25]} h5 {[%emt 0:00:15]} 49. h4 {[%emt 0:00:13]} Kg7 {[%emt 0:00:04]} 1/2-1/2

[Event "WYCC 2018 O14"]
[Site "Halkidiki"]
[Date "2018.10.23"]
[Round "5"]
[White "Risteski, Emil"]
[Black "Trushko, Andrii"]
[Result "1/2-1/2"]
[WhiteElo "2120"]
[BlackElo "1906"]
[Annotator "NA"]
[PlyCount "56"]
[EventDate "2018.10.20"]
[EventType "swiss"]
[EventCountry "GRE"]
[SourceTitle "playchess.com"]
[Source "ChessBase"]
[SourceQuality "1"]
[TimeControl "40/5400+30:1800+30"]

1. e4 {[%emt 0:00:00]} c6 {[%emt 0:00:00]} 2. d4 {[%emt 0:00:00]} d5 {[%emt 0:00:06]} 3. e5 {[%emt 0:00:00]} Bf5 {[%emt 0:00:47]} 4. Nd2 {[%emt 0:03:06]} e6 {[%emt 0:00:53]} 5. Nb3 {[%emt 0:01:56]} c5 {[%emt 0:01:15]} 6. dxc5 {[%emt 0:02:14]} Bxc5 {[%emt 0:00:13]} 7. Nxc5 {[%emt 0:01:19]} Qa5+ {[%emt 0:00:05]} 8. c3 {[%emt 0:00:05]} Qxc5 {[%emt 0:00:02]} 9. Be3 {[%emt 0:00:09]} Qc7 {[%emt 0:00:04]} 10. f4 {[%emt 0:00:37]} Ne7 {[%emt 0:01:14]} 11. Nf3 {[%emt 0:00:46]} Nbc6 {[%emt 0:01:59]} 12. Be2 {[%emt 0:03:15]} O-O {[%emt 0:04:55]} 13. O-O {[%emt 0:03:17]} f6 {[%emt 0:05:05]} 14. exf6 {[%emt 0:03:22]} Rxf6 {[%emt 0:00:11]} 15. Nd4 {[%emt 0:03:31]} Be4 {[%emt 0:02:31]} 16. Bg4 {[%emt 0:08:36]} Nf5 {[%emt 0:09:02]} 17. Nxf5 {[%emt 0:01:56]} exf5 {[%emt 0:00:15]} 18. Bf3 {[%emt 0:02:46]} Re8 {[%emt 0:10:18]} 19. Qd2 {[%emt 0:06:47]} h6 {[%emt 0:07:54]} 20. Rae1 {[%emt 0:07:50]} Rfe6 {[%emt 0:00:52]} 21. Bd1 {[%emt 0:08:18]} Na5 {[%emt 0:03:44]} 22. Bd4 {[%emt 0:05:06]} Nc4 {[%emt 0:00:52]} 23. Qf2 {[%emt 0:00:51]} Bd3 {[%emt 0:06:26]} 24. Rxe6 {[%emt 0:01:32]} Rxe6 {[%emt 0:00:06]} 25. Re1 {[%emt 0:00:47]} Rxe1+ {[%emt 0:12:16]} 26. Qxe1 {[%emt 0:00:05]} Qxf4 {[%emt 0:01:09]} 27. Bb3 {[%emt 0:04:30]} a6 {[%emt 0:04:14]} 28. h3 Be4 1/2-1/2